000 00640nam a2200277Ia 4500
005 20260324145552.0
008 008 260324s9999 xx 000 0 eng d
020 _a9781315543697
037 _aEBOOK
040 _aCRL
040 _beng
040 _cCRL
041 _2eng
041 _aeng
084 _qCRL
100 _aHorst Ruthrof
_91118122
245 4 _aThe Reader's Construction of Narrative
260 _bTaylor and Francis
260 _c1981
365 _a
365 _b145
856 _uhttp://www.taylorfrancis.com/books/9781315543697
942 _cEBOOK
999 _c1831520
_d1831520